000 00290 a2200109 4500
000 nam a22 7a 4500
005 20260312120118.0
100 _aMahamuni, Shailaja
_91131827
245 _aFoundations of experimental physics
260 _bCapital Publishing Company
_c2021
942 _cAUD
999 _c1715215
_d1715215